MARC

LEADER 00000nam0a2200000 4500
001 296442
005 20231102000915.0
035 |a (RuTPU)RU\TPU\book\321549 
090 |a 296442 
100 |a 20150530d1983 km y0rusy50 ca 
101 0 |a rus 
102 |a RU 
105 |a y g 000zy 
200 1 |a Международная организация труда  |e справочное пособие  |f Научно-исследовательский институт труда ; под ред. А. Ф. Бордадына 
210 |a Москва  |c [Б. и.]  |d 1983 
215 |a 391 с. 
606 1 |a Труд  |x Мировая экономика  |2 stltpush  |3 (RuTPU)RU\TPU\subj\70532  |9 84769 
610 1 |a Международная организация труда 
610 1 |a справочники 
610 1 |a МОТ 
610 1 |a цели 
610 1 |a задачи 
610 1 |a нормативная деятельность 
610 1 |a планирование 
610 1 |a кадры 
610 1 |a охрана труда 
686 |a У524я2  |v LBC/SL-A  |2 rubbk 
702 1 |a Бордадын  |b А. Ф.  |4 340 
712 0 2 |a Научно-исследовательский институт труда  |2 stltpush  |3 (RuTPU)RU\TPU\col\9283  |9 24670 
801 1 |a RU  |b 63413507  |c 20150530 
801 2 |a RU  |b 63413507  |c 20181018  |g RCR 
942 |c BK